Renoir (Record no. 4422)

MARC details
000 -CABECERA
campo de control de longitud fija 00803nam a2200241 a 4500
001 - NÚMERO DE CONTROL
campo de control BRCA_4724
005 - FECHA Y HORA DE LA ÚLTIMA TRANSACCIÓN
campo de control 20190320204759.0
008 - DATOS DE LONGITUD FIJA--INFORMACIÓN GENERAL
campo de control de longitud fija 740213s1959####sz-a#####b---#000-0beng-#
041 ## - CÓDIGO DE LENGUA
Código de lengua del texto/banda sonora o título independiente eng
044 ## - CÓDIGO DEL PAÍS DE LA ENTIDAD EDITORA/PRODUCTORA
Código MARC del país sz
050 #4 - SIGNATURA TOPOGRÁFICA DE LA BIBLIOTECA DEL CONGRESO
Número de clasificación ND553
Número de documento/Ítem .R65 1959
100 1# - ENTRADA PRINCIPAL--NOMBRE DE PERSONA
Nombre de persona Rouart, Denis
9 (RLIN) 11972
245 10 - MENCIÓN DE TÍTULO
Título Renoir
Mención de responsabilidad, etc. biographical and critical study by Denis Rouart ; translated by James Emmons.
260 ## - PUBLICACIÓN, DISTRIBUCIÓN, ETC.
Lugar de publicación, distribución, etc. Suiza
Nombre del editor, distribuidor, etc. Skira
Fecha de publicación, distribución, etc. 1959
300 ## - DESCRIPCIÓN FÍSICA
Extensión 119 p.
Otras características físicas il. a color, 56 láminas
Dimensiones 18 cm.
440 #0 - MENCIÓN DE SERIE/PUNTO DE ACCESO ADICIONAL--TÍTULO
Título The taste of our time
Designación de volumen o secuencia 7
9 (RLIN) 11973
500 ## - NOTA GENERAL
Nota general Incluye estudio cronólogico, índice de nombres y exposiciones
504 ## - NOTA DE BIBLIOGRAFÍA, ETC.
Nota de bibliografía, etc. Bibliografía: p. 112-113
600 14 - PUNTO DE ACCESO ADICIONAL DE MATERIA--NOMBRE DE PERSONA
Nombre de persona Renoir, Auguste
Fechas asociadas al nombre 1841-1919
9 (RLIN) 11974
650 14 - PUNTO DE ACCESO ADICIONAL DE MATERIA--TÉRMINO DE MATERIA
Término de materia o nombre geográfico como elemento de entrada Pintura francesa
Subdivisión de forma Catálogos
9 (RLIN) 11975
700 1# - PUNTO DE ACCESO ADICIONAL--NOMBRE DE PERSONA
Nombre de persona Emmons, James
Término indicativo de función/relación Traductor
9 (RLIN) 11976
942 ## - ELEMENTOS DE PUNTO DE ACCESO ADICIONAL (KOHA)
Fuente del sistema de clasificación o colocación Library of Congress Classification
Tipo de ítem Koha Libros
Holdings
Estado de retiro Estado de pérdida Estado dañado No para préstamo Localización permanente Ubicación/localización actual Fecha de adquisición Total de préstamos Signatura topográfica completa Código de barras Fecha visto por última vez Precio válido a partir de Tipo de ítem Koha
El ejemplar forma parte de la colección y puede ser consultado según las políticas vigentes.       Biblioteca del Museo Franz Mayer (Rogerio Casas-Alatriste) Biblioteca del Museo Franz Mayer (Rogerio Casas-Alatriste) 06/10/2010   ND553 .R65 1959 00632 22/03/2019 22/03/2019 Libros